Materiales y sistemas constructivos en la zona del pacífico desde 1931 a 1971
Presenta un analisis de los distintos materiales con que cuenta la zona del Pacifico de Nicaragua, siendo los factores climaticos de mayor importancia para el analis de los distintos materiales y sistemas para construccion.
| Main Author: | |
|---|---|
| Other Authors: | |
| Format: | Tesis Section = Libro |
| Language: | Undetermined Spanish |
| Published: |
Managua
Universidad Nacional Autónoma de Nicaragua (UNAN)
1971
|
| Subjects: |
| LEADER | 00915nam a2200217Ia 4500 | ||
|---|---|---|---|
| 008 | 240830s9999 xx 000 0 und d | ||
| 040 | |a BIBLIOTECA-RUSB/ Mon 691 M425 | ||
| 041 | |a spa | ||
| 082 | |a Mon 691 M425 | ||
| 100 | 1 | |a Pérez, Guillermo | |
| 245 | 1 | 0 | |a Materiales y sistemas constructivos en la zona del pacífico desde 1931 a 1971 |
| 260 | |a Managua |b Universidad Nacional Autónoma de Nicaragua (UNAN) |c 1971 | ||
| 300 | |a 60 p. :il. | ||
| 502 | |a Tesis (Arquitecto) - Universidad Nacional Autónoma de Nicaragua (UNAN), 1971. | ||
| 520 | 3 | |a Presenta un analisis de los distintos materiales con que cuenta la zona del Pacifico de Nicaragua, siendo los factores climaticos de mayor importancia para el analis de los distintos materiales y sistemas para construccion. | |
| 650 | 7 | |a MATERIALES DE CONSTRUCCION | |
| 650 | 7 | |b ARQUITECTURA | |
| 700 | 1 | |a Tutor: | |
| 942 | |c BK |2 ddc | ||
| 991 | |a TESIS | ||
| 999 | |c 20797 | ||